Statistics for Every Golden Globe Nominee for Best Supporting Actor in a Film

Click here to take the quiz!

General Stats

  • This quiz has been taken 23 times
  • The average score is 183 of 373

Answer Stats

YearFilmActor% Correct
1990Dick TracyAl Pacino
100%
2019The IrishmanAl Pacino
100%
1992Glengarry Glen RossAl Pacino
100%
2019Once Upon a Time in HollywoodBrad Pitt
100%
199512 MonkeysBrad Pitt
100%
2022BabylonBrad Pitt
100%
2006BabelBrad Pitt
100%
2008The Dark KnightHeath Ledger
100%
1981RedsJack Nicholson
100%
1983Terms of EndearmentJack Nicholson
100%
2006The DepartedJack Nicholson
100%
1969Easy RiderJack Nicholson
100%
1992A Few Good MenJack Nicholson
100%
2012Django UnchainedLeonardo DiCaprio
100%
1993What's Eating Gilbert GrapeLeonardo DiCaprio
100%
1987Street SmartMorgan Freeman
100%
2004Million Dollar BabyMorgan Freeman
100%
2008Tropic ThunderRobert Downey Jr.
100%
2023OppenheimerRobert Downey Jr.
100%
2023BarbieRyan Gosling
100%
2019The Two PopesAnthony Hopkins
95%
1997AmistadAnthony Hopkins
95%
2005SyrianaGeorge Clooney
95%
2023Killers of the Flower MoonRobert De Niro
95%
1994Pulp FictionSamuel L. Jackson
95%
1996A Time to KillSamuel L. Jackson
95%
2015CreedSylvester Stallone
95%
2019A Beautiful Day in the NeighborhoodTom Hanks
95%
2000Shadow of the VampireWillem Dafoe
95%
2023Poor ThingsWillem Dafoe
95%
2017The Florida ProjectWillem Dafoe
95%
2002AdaptationChris Cooper
91%
2009Inglourious BasterdsChristoph Waltz
91%
2012Django UnchainedChristoph Waltz
91%
1990GoodfellasJoe Pesci
91%
1980Raging BullJoe Pesci
91%
2019The IrishmanJoe Pesci
91%
2018Green BookMahershala Ali
91%
2016MoonlightMahershala Ali
91%
2009InvictusMatt Damon
91%
2008Tropic ThunderTom Cruise
91%
1999MagnoliaTom Cruise
91%
2013American HustleBradley Cooper
86%
2010The FighterChristian Bale
86%
2002The HoursEd Harris
86%
1998The Truman ShowEd Harris
86%
1995Apollo 13Ed Harris
86%
1989JacknifeEd Harris
86%
2014WhiplashJ.K. Simmons
86%
2000GladiatorJoaquin Phoenix
86%
2014FoxcatcherMark Ruffalo
86%
2023Poor ThingsMark Ruffalo
86%
1999The Cider House RulesMichael Caine
86%
1986Hannah and Her SistersMichael Caine
86%
2012The MasterPhilip Seymour Hoffman
86%
2007Charlie Wilson's WarPhilip Seymour Hoffman
86%
2008DoubtPhilip Seymour Hoffman
86%
1997Good Will HuntingRobin Williams
86%
2003Mystic RiverTim Robbins
86%
2012LincolnTommy Lee Jones
86%
1993The FugitiveTommy Lee Jones
86%
2021The Tender BarBen Affleck
82%
2006HollywoodlandBen Affleck
82%
2020On the RocksBill Murray
82%
1998RushmoreBill Murray
82%
2007The Assassination of Jesse James by the Coward Robert FordCasey Affleck
82%
2006DreamgirlsEddie Murphy
82%
2004CollateralJamie Foxx
82%
2006The DepartedMark Wahlberg
82%
1963HudMelvyn Douglas
82%
1979Being ThereMelvyn Douglas
82%
2010Wall Street: Money Never SleepsMichael Douglas
82%
1988Clara's HeartNeil Patrick Harris
82%
1993Schindler's ListRalph Fiennes
82%
2008The DuchessRalph Fiennes
82%
1988Running on EmptyRiver Phoenix
82%
1989Indiana Jones and the Last CrusadeSean Connery
82%
1987The UntouchablesSean Connery
82%
2012ArgoAlan Arkin
77%
1991BugsyBen Kingsley
77%
2001Sexy BeastBen Kingsley
77%
2009The Last StationChristopher Plummer
77%
2011BeginnersChristopher Plummer
77%
2017All the Money in the WorldChristopher Plummer
77%
1978The Deer HunterChristopher Walken
77%
2020Judas and the Black MessiahDaniel Kaluuya
77%
2014BoyhoodEthan Hawke
77%
1992UnforgivenGene Hackman
77%
1983Under FireGene Hackman
77%
1998Shakespeare in LoveGeoffrey Rush
77%
2010The King's SpeechGeoffrey Rush
77%
2020The Little ThingsJared Leto
77%
2013Dallas Buyers ClubJared Leto
77%
2000The ContenderJeff Bridges
77%
2016Hell or High WaterJeff Bridges
77%
1984AmadeusJeffrey Jones
77%
2007HairsprayJohn Travolta
77%
1995The Usual SuspectsKevin Spacey
77%
1989A Dry White SeasonMarlon Brando
77%
2018Can You Ever Forgive Me?Richard E. Grant
77%
1998A Civil ActionRobert Duvall
77%
2014The JudgeRobert Duvall
77%
1979Apocalypse NowRobert Duvall
77%
2018ViceSam Rockwell
77%
2017Three Billboards Outside Ebbing, MissouriSam Rockwell
77%
2018Beautiful BoyTimothée Chalamet
77%
2018BlacKkKlansmanAdam Driver
73%
1977Star WarsAlec Guinness
73%
1988Little DorritAlec Guinness
73%
2010The Social NetworkAndrew Garfield
73%
1968For Love of IvyBeau Bridges
73%
1989GloryDenzel Washington
73%
1996Primal FearEdward Norton
73%
2014BirdmanEdward Norton
73%
1972The GodfatherJames Caan
73%
2011MoneyballJonah Hill
73%
1999The Talented Mr. RipleyJude Law
73%
2001A.I. Artificial IntelligenceJude Law
73%
2011My Week with MarilynKenneth Branagh
73%
201312 Years a SlaveMichael Fassbender
73%
1990The Godfather: Part IIIAndy Garcia
68%
2022The Banshees of InisherinBrendan Gleeson
68%
1996Jerry MaguireCuba Gooding Jr.
68%
2007No Country for Old MenJavier Bardem
68%
2022Everything Everywhere All at OnceKe Huy Quan
68%
2020The Trial of the Chicago 7Sacha Baron Cohen
68%
1993Carlito's WaySean Penn
68%
2003The CoolerAlec Baldwin
64%
2022The Banshees of InisherinBarry Keoghan
64%
2016LionDev Patel
64%
1961The HustlerJackie Gleason
64%
2017Call Me by Your NameArmie Hammer
59%
2000TrafficBenicio del Toro
59%
1997Boogie NightsBurt Reynolds
59%
1994Forrest GumpGary Sinise
59%
1999The Sixth SenseHaley Joel Osment
59%
2002ChicagoJohn C. Reilly
59%
1979A Little RomanceLaurence Olivier
59%
1976Marathon ManLaurence Olivier
59%
2015Bridge of SpiesMark Rylance
59%
1994Ed WoodMartin Landau
59%
1988Tucker: The Man and His DreamMartin Landau
59%
2005CrashMatt Dillon
59%
2005Cinderella ManPaul Giamatti
59%
2002Road to PerditionPaul Newman
59%
1962Hemingway's Adventures of a Young ManPaul Newman
59%
2016Nocturnal AnimalsAaron Taylor-Johnson
55%
2003Big FishAlbert Finney
55%
2000Erin BrockovichAlbert Finney
55%
2013Captain PhillipsBarkhad Abdi
55%
1971The Last Picture ShowBen Johnson
55%
1977JuliaJason Robards
55%
1980Melvin and HowardJason Robards
55%
1976All the President's MenJason Robards
55%
2001IrisJim Broadbent
55%
1997The RainmakerJon Voight
55%
2001AliJon Voight
55%
2003The Last SamuraiKen Watanabe
55%
1999The Green MileMichael Clarke Duncan
55%
201599 HomesMichael Shannon
55%
1991Hear My SongNed Beatty
55%
1984The Karate KidNoriyuki "Pat" Morita
55%
1977EquusPeter Firth
55%
2004SidewaysThomas Haden Church
55%
2004Kill Bill: Volume 2David Carradine
50%
1997As Good as It GetsGreg Kinnear
50%
1991City SlickersJack Palance
50%
2010The TownJeremy Renner
50%
1981ArthurJohn Gielgud
50%
1982An Officer and a GentlemanLouis Gossett Jr.
50%
1962Lawrence of ArabiaOmar Sharif
50%
2017The Shape of WaterRichard Jenkins
50%
2009The Lovely BonesStanley Tucci
50%
2021CODATroy Kotsur
50%
2011DriveAlbert Brooks
45%
2021BelfastCiarán Hinds
45%
1961The HustlerGeorge C. Scott
45%
1984The Killing FieldsHaing S. Ngor
45%
1978Midnight ExpressJohn Hurt
45%
1974ChinatownJohn Huston
45%
1963The CardinalJohn Huston
45%
1983SilkwoodKurt Russell
45%
1995Rob RoyTim Roth
45%
1948The Treasure of the Sierra MadreWalter Huston
45%
2005The ProducersWill Ferrell
45%
1989In CountryBruce Willis
41%
2023May DecemberCharles Melton
41%
2004CloserClive Owen
41%
2013RushDaniel Brühl
41%
1998Without LimitsDonald Sutherland
41%
2022The Good NurseEddie Redmayne
41%
1953From Here to EternityFrank Sinatra
41%
1974The Towering InfernoFred Astaire
41%
1959On the BeachFred Astaire
41%
1991BugsyHarvey Keitel
41%
1993In the Line of FireJohn Malkovich
41%
1994The River WildKevin Bacon
41%
2021The Power of the DogKodi Smit-McPhee
41%
2020One Night in Miami...Leslie Odom Jr.
41%
1962LolitaPeter Sellers
41%
1986PlatoonTom Berenger
41%
2009The MessengerWoody Harrelson
41%
1956Lust for LifeAnthony Quinn
36%
2005Mrs Henderson PresentsBob Hoskins
36%
1974The Great GatsbyBruce Dern
36%
1978Coming HomeBruce Dern
36%
1992Scent of a WomanChris O'Donnell
36%
1989Do the Right ThingDanny Aiello
36%
1986Blue VelvetDennis Hopper
36%
1986HoosiersDennis Hopper
36%
1978Foul PlayDudley Moore
36%
1985Runaway TrainEric Roberts
36%
1961West Side StoryGeorge Chakiris
36%
1950All About EveGeorge Sanders
36%
1969They Shoot Horses, Don't They?Gig Young
36%
1958Teacher's PetGig Young
36%
2015Beasts of No NationIdris Elba
36%
2021BelfastJamie Dornan
36%
1972CabaretJoel Grey
36%
1985Remo Williams: The Adventure BeginsJoel Grey
36%
1980Ordinary PeopleJudd Hirsch
36%
1979Kramer vs. KramerJustin Henry
36%
1968The Subject Was RosesMartin Sheen
36%
1973The ExorcistMax von Sydow
36%
2015Love & MercyPaul Dano
36%
1951Quo VadisPeter Ustinov
36%
1960SpartacusPeter Ustinov
36%
1987NutsRichard Dreyfuss
36%
1980The Ninth ConfigurationScott Wilson
36%
2001Ghost WorldSteve Buscemi
36%
1980Ordinary PeopleTimothy Hutton
36%
2007Michael ClaytonTom Wilkinson
36%
2011A Dangerous MethodViggo Mortensen
36%
2003SeabiscuitWilliam H. Macy
36%
1944Going My WayBarry Fitzgerald
32%
2002Far from HeavenDennis Quaid
32%
1996Ghosts of MississippiJames Woods
32%
1991Barton FinkJohn Goodman
32%
1995To Wong Foo, Thanks for Everything! Julie NewmarJohn Leguizamo
32%
1994Quiz ShowJohn Turturro
32%
1964The Best ManLee Tracy
32%
1973The Last DetailRandy Quaid
32%
1965HarlowRed Buttons
32%
1957SayonaraRed Buttons
32%
1969They Shoot Horses, Don't They?Red Buttons
32%
1987Full Metal JacketR. Lee Ermey
32%
1966A Man for All SeasonsRobert Shaw
32%
1997My Best Friend's WeddingRupert Everett
32%
1958The Big CountryBurl Ives
27%
1983To Be or Not to BeCharles Durning
27%
1975Dog Day AfternoonCharles Durning
27%
1962Sweet Bird of YouthEd Begley
27%
1956The Teahouse of the August MoonEddie Albert
27%
1974The Longest YardEddie Albert
27%
1947Miracle on 34th StreetEdmund Gwenn
27%
1950Mister 880Edmund Gwenn
27%
1985MaskEric Stoltz
27%
2001Life as a HouseHayden Christensen
27%
1975NashvilleHenry Gibson
27%
1968Oliver!Hugh Griffith
27%
1963Tom JonesHugh Griffith
27%
1982The VerdictJames Mason
27%
1949BattlegroundJames Whitmore
27%
1975Dog Day AfternoonJohn Cazale
27%
1973The Paper ChaseJohn Houseman
27%
1970Ryan's DaughterJohn Mills
27%
1963Come Blow Your HornLee J. Cobb
27%
195712 Angry MenLee J. Cobb
27%
1988Stand and DeliverLou Diamond Phillips
27%
1977JuliaMaximilian Schell
27%
1961Judgment at NurembergMontgomery Clift
27%
1996The CruciblePaul Scofield
27%
1965Battle of the BulgeTelly Savalas
27%
1962Birdman of AlcatrazTelly Savalas
27%
1955TrialArthur Kennedy
23%
1998A Simple PlanBilly Bob Thornton
23%
1967Cool Hand LukeGeorge Kennedy
23%
1970AirportGeorge Kennedy
23%
1966Who's Afraid of Virginia Woolf?George Segal
23%
1990Pretty WomanHector Elizondo
23%
1981RagtimeHoward E. Rollins, Jr.
23%
1967The Dirty DozenJohn Cassavetes
23%
1985Out of AfricaKlaus Maria Brandauer
23%
1976Silent MovieMarty Feldman
23%
1968The ScalphuntersOssie Davis
23%
2003Shattered GlassPeter Sarsgaard
23%
1982TempestRaul Julia
23%
1988Moon Over ParadorRaul Julia
23%
1986Something WildRay Liotta
23%
1966The Sand PebblesRichard Attenborough
23%
1967Doctor DolittleRichard Attenborough
23%
1975The Sunshine BoysRichard Benjamin
23%
1976The ShootistRon Howard
23%
1957The Bridge on the River KwaiSessue Hayakawa
23%
2016Florence Foster JenkinsSimon Helberg
23%
1983ScarfaceSteven Bauer
23%
1970Ryan's DaughterTrevor Howard
23%
1990Q & AArmand Assante
18%
1971Carnal KnowledgeArt Garfunkel
18%
1963Captain Newman, M.D.Bobby Darin
18%
1990Longtime CompanionBruce Davison
18%
1970Little Big ManChief Dan George
18%
1946The Razor's EdgeClifton Webb
18%
1982An Officer and a GentlemanDavid Keith
18%
1992Mr. Saturday NightDavid Paymer
18%
1964Seven Days in MayEdmond O'Brien
18%
1954The Barefoot ContessaEdmond O'Brien
18%
1956Baby DollEli Wallach
18%
1950Sunset BoulevardErich von Stroheim
18%
1979The RoseFrederic Forrest
18%
1966The Sand PebblesMako
18%
1973Summer Wishes, Winter DreamsMartin Balsam
18%
1977The Turning PointMikhail Baryshnikov
18%
1952My Six ConvictsMillard Mitchell
18%
1984The Flamingo KidRichard Crenna
18%
1960ExodusSal Mineo
18%
1962What Ever Happened to Baby Jane?Victor Buono
18%
1984A Soldier's StoryAdolph Caesar
14%
1943For Whom the Bell TollsAkim Tamiroff
14%
1969Anne of the Thousand DaysAnthony Quayle
14%
1975The Day of the LocustBurgess Meredith
14%
1968Star!Daniel Massey
14%
1973Save the TigerJack Gilford
14%
1972Man of La ManchaJames Coco
14%
1981Only When I LaughJames Coco
14%
1971Going HomeJan-Michael Vincent
14%
1982TexJim Metzler
14%
1967Bonnie and ClydeMichael J. Pollard
14%
1981ButterflyOrson Welles
14%
1976Voyage of the DamnedOskar Werner
14%
1965The Spy Who Came in from the ColdOskar Werner
14%
1978Who Is Killing the Great Chefs of Europe?Robert Morley
14%
1987Square DanceRob Lowe
14%
1962Experiment in TerrorRoss Martin
14%
1964My Fair LadyStanley Holloway
14%
1971Nicholas and AlexandraTom Baker
14%
1972Travels with My AuntAlec McCowen
9%
1972Avanti!Clive Revill
9%
1964The Night of the IguanaCyril Delevanti
9%
1967Wait Until DarkEfrem Zimbalist Jr.
9%
1958Home Before DarkEfrem Zimbalist Jr.
9%
1965OthelloFrank Finlay
9%
1952The Bad and the BeautifulGilbert Roland
9%
1964Cheyenne AutumnGilbert Roland
9%
1963America AmericaGregory Rozakis
9%
1965The Flight of the PhoenixHardy Krüger
9%
1962The Chapman ReportHarold J. Stone
9%
1962The Pigeon That Took RomeHarry Guardino
9%
1958HouseboatHarry Guardino
9%
1945A Medal for BennyJ. Carrol Naish
9%
1985Year of the DragonJohn Lone
9%
1970Love StoryJohn Marley
9%
1966The AppaloosaJohn Saxon
9%
1969The ReiversMitch Vogel
9%
1971Fiddler on the RoofPaul Mann
9%
1963America AmericaPaul Mann
9%
1959The Young PhiladelphiansRobert Vaughn
9%
1974The Great GatsbySam Waterston
9%
1959Ben-HurStephen Boyd
9%
1961Lover Come BackTony Randall
9%
1959Pillow TalkTony Randall
9%
1962If a Man AnswersCesar Romero
5%
1958The Proud RebelDavid Ladd
5%
1956The RainmakerEarl Holliman
5%
1957The Great ManEd Wynn
5%
1959Anatomy of a MurderJoseph N. Welch
5%
1952The Happy TimeKurt Kasznar
5%
1960The Dark at the Top of the StairsLee Kinsolving
5%
1957Raintree CountyNigel Patrick
5%
1956War and PeaceOscar Homolka
5%
1960The PlunderersRay Stricklyn
5%
1963CleopatraRoddy McDowall
5%
1960SpartacusWoody Strode
5%

Score Distribution

Percentile by Number Answered

Percent of People with Each Score

Your Score History

You have not taken this quiz